TV Family by First Names II Quiz Stats

 Plays Quiz Updated Aug 20, 2017

Support Sporcle.
Go Orange.
Score 0/25 Timer 04:00
1 Play Today
% Correct
Flintstone
93.7%
Crane
83.1%
Bundy
82.7%
Ricardo
81.4%
Duke
77.8%
Gilmore
76.3%
Clampett
71.8%
Ingalls
68.6%
Stephens
63.3%
Pritchett
57.9%
Kent
57.7%
Bluth
57.5%
Carrington
51.8%
% Correct
Matthews
49.1%
Arnold
45.1%
Halliwell
42.1%
Evans
38.9%
Robinson
33.4%
Crawley
28%
Braverman
26.5%
Stewart
26.1%
Tate
23.2%
Anderson
22.8%
Johnson
15.9%
Foster
12.3%

From the Vault

She Wrote Him

by Flick

This is not your typical rote literature quiz.
Remove Ads.
Support Sporcle.
Get the best of Sporcle when you Go Orange. This ad-free experience offers more features, more stats, and more fun while also helping to support Sporcle. Thank you for becoming a member.

Show Comments

Extras

Top Quizzes Today


Score Distribution

Your Account Isn't Verified!

In order to create a playlist on Sporcle, you need to verify the email address you used during registration. Go to your Sporcle Settings to finish the process.

Report this User

Report this user for behavior that violates our Community Guidelines.

Details: